Water : (Record no. 234937)

000 -LEADER
fixed length control field 01092cam a22002894a 4500
001 - CONTROL NUMBER
control field 11883191
003 - CONTROL NUMBER IDENTIFIER
control field Nust
005 - DATE AND TIME OF LATEST TRANSACTION
control field 20170403140845.0
008 - FIXED-LENGTH DATA ELEMENTS--GENERAL INFORMATION
fixed length control field 000106s2001 maub b 001 0 eng
010 ## - LIBRARY OF CONGRESS CONTROL NUMBER
LC control number 00021224
020 ## - INTERNATIONAL STANDARD BOOK NUMBER
International Standard Book Number 0618030093 (pbk.)
040 ## - CATALOGING SOURCE
Original cataloging agency DLC
Transcribing agency DLC
Modifying agency DLC
042 ## - AUTHENTICATION CODE
Authentication code pcc
050 00 - LIBRARY OF CONGRESS CALL NUMBER
Item number .D473 2001
082 00 - DEWEY DECIMAL CLASSIFICATION NUMBER
Classification number 333.91 MAR
Edition number 21
100 1# - MAIN ENTRY--PERSONAL NAME
Personal name De Villiers, Marq.
245 10 - TITLE STATEMENT
Title Water :
Remainder of title the fate of our most precious resource /
Statement of responsibility, etc. Marq De Villiers.
250 ## - EDITION STATEMENT
Edition statement 1st Mariner Books ed.
260 ## - PUBLICATION, DISTRIBUTION, ETC.
Place of publication, distribution, etc. Boston, MA :
Name of publisher, distributor, etc. Houghton Mifflin,
Date of publication, distribution, etc. 2001.
300 ## - PHYSICAL DESCRIPTION
Extent xvi, 352 p. :
Other physical details maps ;
Dimensions 21 cm.
500 ## - GENERAL NOTE
General note P.B
504 ## - BIBLIOGRAPHY, ETC. NOTE
Bibliography, etc. note Includes bibliographical references (p. [331]-338) and index.
650 #0 - SUBJECT ADDED ENTRY--TOPICAL TERM
Topical term or geographic name entry element Water-supply.
650 #0 - SUBJECT ADDED ENTRY--TOPICAL TERM
Topical term or geographic name entry element Water-supply
General subdivision Political aspects.
650 #0 - SUBJECT ADDED ENTRY--TOPICAL TERM
Topical term or geographic name entry element Water
General subdivision Pollution.
650 #0 - SUBJECT ADDED ENTRY--TOPICAL TERM
Topical term or geographic name entry element Water resources development
General subdivision Political aspects.
906 ## - LOCAL DATA ELEMENT F, LDF (RLIN)
a 7
b cbc
c orignew
d 1
e ocip
f 20
g y-gencatlg
942 ## - ADDED ENTRY ELEMENTS (KOHA)
Source of classification or shelving scheme
Koha item type Book
Call number prefix 333.91 MAR
Holdings
Withdrawn status Lost status Source of classification or shelving scheme Damaged status Not for loan Collection code Permanent Location Current Location Shelving location Date acquired Total Checkouts Full call number Barcode Date last seen Price effective from Koha item type
            Institute of Environmental Science and Engineering (IESE) Institute of Environmental Science and Engineering (IESE) General Stacks 04/03/2017   333.91 MAR IESE-2022 04/03/2017 04/03/2017 Book
© 2023 Central Library, National University of Sciences and Technology. All Rights Reserved.